00887nam a2200193Ia 4500003000400000005001700004008004100021040001000062041000800072082001000080100003000090245006700120260010200187300002300289504002600312520023000338653001900568710010600587Ost20260426125804.0260426s9999||||xx |||||||||||||| ||und|| cfsecg aeng a338.5 aYakouben , SalihaeAuthor 0aMicroeconomics 1 :blectures and exercises /cSaliha Yakouben  aAlgiers :bUniversity of Algiers 3 Faculty of Economics Commercial Sciences and Management,c2025 a142 paper, c12 cm aRefferences paper 143 aIntroduction to microeconomics,demand, supply and market equilibrium, elasticity analysis , applications on supply and demand : government intervention ,consumer behavior theory ,theory of producer behavior ,costs analysis . aMicroeconomics aUniversity of Algiers 3 Faculty of Economics Commercial Sciences and ManagementeScientific publisher